000 00770nam a22001817a 4500
999 _c372088
_d372088
008 201127b ||||| |||| 00| 0 eng d
040 _aDE-2950
_bger
_cDE-2950
_erda
041 _ager
245 _aSo bunt feiert Frankfurt ins neue Jahr.
_bTraditionen. Champagner und rote Unterwäsche: Die MOZ hat sich in der Oderstadt kurz vor dem Jahreswechsel bei einigen Zugezogenen umgehört, wie sie Silvester feiern /
_cJanine Reinschmidt
264 _c2022
653 _aFrankfurt (Oder)
653 _aJahreswechsel
773 _dFrankfurt (Oder) Märkisches Verlags- und Druckhaus GmbH & Co KG
_tMärkische Oderzeitung
_g33. Jahrgang (2022) Nr. 305 vom 31.12.2022/01.01.2023, S. 19
942 _cA